| 000 | 00000nam##2200000za#4500 |
| 001 | 9.606831 |
| 003 | CaOODSP |
| 005 | 20210624212824 |
| 007 | cr ||||||||||| |
| 008 | 150406|1998||||xxc|||||o f|0| 0 fre|d |
| 022 | |a1209-6784 |
| 040 | |aCaOODSP|bfre |
| 043 | |an-cn--- |
| 086 | 1 |aF1-23/1998-7F-PDF |
| 110 | 1 |aCanada. |bMinistère des finances. |
| 245 | 13|aLe budget de 1998 sous forme graphique : |h[ressource électronique]|bbâtir le Canada pour le XXIe siècle : économie forte et société solidaire |
| 260 | |aOttawa - Ontario : |bFinances Canada |cLe 24 février 1998. |
| 300 | |a66p.|bgraphiques, tableaux |
| 490 | 1 |aBudget ... sous forme graphique|x1209-6784 |
| 500 | |aLe n° de catalogue (F1-23/1998-7F) et l'ISBN (0-662-82671-X) de l'édition imprimée ont été incorrectement copiés dans l'édition électronique. |
| 590 | |a14-06-Supp|b2014-03-21 |
| 775 | 08|tThe Budget chart book 1998 : |w(CaOODSP)9.579298 |
| 830 | #0|aBudget ... sous forme graphique,|x1209-6784|w(CaOODSP)9.500864 |
| 856 | 40|ahttp://publications.gc.ca|qPDF|s438 Ko|uhttps://publications.gc.ca/collections/Collection-R/Finance/Budget98/chartbkf.pdf |